000 03306nam a22004095i 4500
001 60131
005 20200226102545.0
007 cr nn 008mamaa
008 170130s2017 gw | s |||| 0|eng d
020 _a9783319432564
_9978-3-319-43256-4
024 7 _a10.1007/978-3-319-43256-4
_2doi
035 _a(DE-He213)978-3-319-43256-4
050 4 _aRD544
072 7 _aMNG
_2bicssc
072 7 _aMED085060
_2bisacsh
082 0 4 _a617.555
_223
245 1 0 _aRobotic Colon and Rectal Surgery
_h[electronic resource] :
_bPrinciples and Practice /
_cedited by Vincent Obias.
264 1 _aCham :
_bSpringer International Publishing :
_bImprint: Springer,
_c2017.
300 _aX, 322 p. 118 illus., 108 illus. in color.
_bonline resource.
336 _atext
_btxt
_2rdacontent
337 _acomputer
_bc
_2rdamedia
338 _aonline resource
_bcr
_2rdacarrier
347 _atext file
_bPDF
_2rda
505 0 _aIntroduction: The Evolution of Minimally Invasive Surgery- The Learning Curve of Robotic Assisted Laparoscopic Colorectal Surgery and How to Start Applying Robotic Technology in Colorectal Surgery -- Training and Credentialing in Robotics -- Robotic Right Hemicolectomy -- Robotic Abdominoperineal Resection -- Robotic Low Anterior Resection of Rectal Cancer -- Robotic Total Colectomy -- Robotic Assisted Transanal Microscopic Surgery -- Surgical Immunofluorescence and Firefly Technology in Colon and Rectal Surgery -- Surgery on Obese Patients -- Robotics and Pelvic Floor -- Inflammatory Bowel Disease -- Ergonomics in Robotic Colorectal Surgery -- Nerve Preservation in Robotic Rectal Surgery -- Completed and Ongoing Trials in Robotic Colorectal Surgery -- Robotic Costs -- The Robotic-Assisted Treatment of Endometriosis: A Colorectal Surgical Perspective -- Anesthesia in Robotic Colon and Rectal Surgery -- Single-Incision Robotic Colon Resection (SIRC) -- Reducing Conversions in Robotic Surgery -- Current and Future Platforms for Robotic Colorectal Surgery -- Closing Acknowledgements.
520 _aThe initial chapters discuss the start of minimally invasive surgery and robotics. Subsequent chapters address starting up a robotics program and incorporating robotics into ones practice. The textbook next centers on specific robotic techniques or robotic management of certain disease processes. These chapters are written by experts in the fields and include multiple tables, illustrations, and videos describing the techniques where applicable. Each chapter also discusses the current literature. The final chapters focus on the future of robotics, cost of robotics, and include other possible future platforms and as well as the new FDA approved Xi and SP Intuitive surgical platforms. Robotic Colon and Rectal Surgery: Principles and Practice presents the first in-depth, cohesive and comprehensive approach to all aspects of robotic colorectal surgery.
650 0 _aMedicine.
650 0 _aRectum
_xSurgery.
650 1 4 _aMedicine & Public Health.
650 2 4 _aColorectal Surgery.
700 1 _aObias, Vincent.
_eeditor.
710 2 _aSpringerLink (Online service)
773 0 _tSpringer eBooks
776 0 8 _iPrinted edition:
_z9783319432540
856 4 0 _uhttp://dx.doi.org/10.1007/978-3-319-43256-4
912 _aZDB-2-SME
999 _c6951
_d6951